Budoucnost vozových zásilek v Evropě
Vozové zásielky po železnici v konkurencii s cestnou nákladnou dopravou. Príčiny poklesu atraktivity systému vozových zásielok. Rezervy pre zvýšenie efktívnosti a možnosti zlepšenia.
Na minha lista:
| Autor principal: | |
|---|---|
| Formato: | Capítulo de Livro |
| Idioma: | tcheco |
| Assuntos: | |
| Tags: |
Sem tags, seja o primeiro a adicionar uma tag!
|
MARC
| LEADER | 00000naa a2200000 4500 | ||
|---|---|---|---|
| 001 | 0121519 | ||
| 005 | 20231129095621.6 | ||
| 041 | 0 | |a cze | |
| 044 | |a CZ | ||
| 245 | 1 | 0 | |a Budoucnost vozových zásilek v Evropě |c Lukáš Soukup |
| 520 | |a Vozové zásielky po železnici v konkurencii s cestnou nákladnou dopravou. Príčiny poklesu atraktivity systému vozových zásielok. Rezervy pre zvýšenie efktívnosti a možnosti zlepšenia. | ||
| 610 | 2 | 0 | |a doprava železničná nákladná |
| 610 | 2 | 0 | |a vagóny |
| 610 | 2 | 0 | |a železnice |
| 610 | 2 | 0 | |a spolupráca medzinárodná |
| 610 | 2 | 0 | |a tvorba cien |
| 610 | 2 | 0 | |a náklady |
| 610 | 2 | 0 | |a efektívnosť |
| 610 | 2 | 0 | |a konkurencia |
| 610 | 2 | 0 | |a doprava cestná nákladná |
| 100 | 1 | |a Soukup, Lukáš | |